000 00409nam a2200169Ia 4500
003 GCL
008 140319s9999 xx 000 0 ara d
040 _aGCL /
_cGCL
082 0 4 _a813.03
_bس ص
100 1 _aسحر خليفة
245 1 0 _aالصبار /
_cسحر خليفة
300 _a176 ص
490 _aكتاب
_v0
650 0 4 _aالادب العربى
650 0 4 _aالقصص
942 _2ddc
_cBK
999 _c41955
_d41955